000
00250nam a2200109Ia 4500
008
220805s9999 xx 000 0 und d
041
_a
eng
082
_a
1.642
100
_a
Sarika Karade
_9
87513
260
_b
Marg pub
245
_a
MS-CIT complete Guide
999
_c
48159
_d
48159